000 00231nam a2200097Ia 4500
008 240331s9999 xx 000 0 und d
082 _a294.4
_bKAL
100 _aKalghatgi, T.G.
245 0 _aJainism :
_bthrough prakrt sources
942 _cL
999 _c935
_d935